00325nam a22001457a 4500003000700000005001700007008004100024082002000065100001400085245001300099260002800112300000800140490002600148650000500174MPLRDC20220104114337.0210129b ||||| |||| 00| 0 eng d a857.623 YG v.10 a余过著 a魔缘c ab东荣出版社c1994 b平 a四人夜话系列;10 a